000 00789nam a22002057a 4500
999 _c332565
_d332565
003 NUST
005 20171213140129.0
008 110725t xxu||||| |||| 00| 0 eng d
040 _c0
082 _a650.072 SEK
100 _a Sekaran,Uma
_9526
245 _aResearch Methods for Business:
_bA Skill Building Approach
_cUma Sekaran
250 _a4th ed
260 _aIslamabad
_bNational Book Foundation
_c2010
300 _a450p.
500 _aH.B
563 _aHBc
650 _aResearch method (Business)
_9527
942 _2ddc
_cBK
_kIESE